000
00274nam a2200121Ia 4500
008
191201s2019 xx 000 0 und d
100
_a
PATHAK, Bharati V
245
0
_a
Indian Financial System
260
_b
Pearson
_c
2019
300
_a
876
650
_a
BBA
942
_2
ddc
_c
BK
999
_c
6937
_d
6937